000 00519nam a2200169Ia 4500
999 _c28720
_d28720
003 OSt
005 20201218121840.0
008 190216s9999||||xx |||||||||||||| ||und||
040 _c9788130004266
082 _a894.8121
_bNAM/V
100 _aNamboodiri, M V Vishnu
_97541
245 0 _aVadakkan Pattukaathakal Vol-1 /
_cM V Vishnu Namboodiri
260 _bPoorna Publication,
_a Kozhikode:
_c2006.
300 _a227p
650 _aPadanam
942 _cBK
_2ddc
_h894.8121
_iVIS/V
_k894.8121
_mVIS/V